Match up : Which has the largest area ? Quiz Stats

 Plays Quiz not verified by Sporcle

Score 0/20 Timer 05:00
0 Plays Today
Statement Largest of the two % Correct
Australia or USA???
90.2%
Nepal or Bhutan???
90.2%
Russia or Antarctica???
86.9%
Brazil or China???
82%
Jamaica or Trinidad & Tobago???
80.3%
Luxembourg or Malta???
80.3%
The Vatican or the Forbidden City (in Beijing)???
80.3%
Italy or Germany???
78.7%
Israel or Lesotho???
72.1%
France or Texas???
70.5%
Statement Largest of the two % Correct
India or the European Union???
65.6%
Kazakhstan or Amazon Rainforest???
65.6%
D.R. Congo or Indonesia???
63.9%
Greenland or Algeria???
59%
Japan or Thailand???
57.4%
Monaco or Central Park (in New York)???
54.1%
Madagascar or Borneo???
50.8%
Nigeria or Pakistan???
44.3%
Singapore or Hong Kong???
39.3%
Liechtenstein or Walt Disney World Resort (in Florida)???
36.1%

You're not logged in!

Compare scores with friends on all Sporcle quizzes.
OR
Log In

Sporcle TV

Today on Sporcle TV


Watch our educational content, quiz creation guides, and fun videos on Sporcle TV.

Show Comments

Extras

Top Quizzes Today


Score Distribution

Your Account Isn't Verified!

In order to create a playlist on Sporcle, you need to verify the email address you used during registration. Go to your Sporcle Settings to finish the process.

Report this User

Report this user for behavior that violates our Community Guidelines.

Details: